FIFA world champions squads - Statistics

General Stats
  • This quiz has been taken 145 times
    70 since last reset
  • The average score is 75 of 222
Answer Stats
Team Year Pos # Answer % Correct
Argentina 2022 FW 10 Lionel Messi
100%
France 2018 MF 10 Kylian Mbappé
96%
Spain 2010 MF 8 Xavi
96%
Spain 2010 MF 6 Andrés Iniesta
92%
Argentina 2022 FW 11 Ángel Di María
92%
France 2018 MF 7 Antoine Griezmann
92%
Argentina 2022 GK 23 Emiliano Martínez
92%
Germany 2014 GK 1 Manuel Neuer
92%
Brazil 2002 FW 9 Ronaldo
92%
West Germany 1974 FW 13 Gerd Müller
90%
France 2018 FW 9 Olivier Giroud
90%
Germany 2014 MF 13 Thomas Müller
90%
Italy 2006 GK 1 Gianluigi Buffon
88%
France 2018 GK 1 Hugo Lloris
88%
Spain 2010 GK 1 Iker Casillas
88%
Spain 2010 FW 7 David Villa
87%
Brazil 1962 DF 3 Mauro Ramos
87%
Germany 2014 DF 16 Philipp Lahm
87%
Spain 2010 DF 15 Sergio Ramos
87%
France 1998 MF 10 Zinedine Zidane
87%
Italy 2006 DF 5 Fabio Cannavaro
85%
France 2018 DF 21 Lucas Hernandez
85%
Spain 2010 DF 5 Carles Puyol
83%
Argentina 1986 FW 10 Diego Maradona
81%
France 2018 MF 6 Paul Pogba
81%
Brazil 2002 FW 10 Rivaldo
81%
Spain 2010 MF 14 Xabi Alonso
81%
France 2018 DF 2 Benjamin Pavard
79%
Spain 2010 DF 3 Gerard Piqué
79%
Germany 2014 FW 11 Miroslav Klose
79%
France 2018 DF 4 Raphaël Varane
79%
Brazil 2002 MF 11 Ronaldinho
79%
Brazil 2002 MF 2 Cafu
77%
Argentina 2022 DF 19 Nicolás Otamendi
77%
Brazil 1958 FW 10 Pelé
77%
Brazil 1970 FW 10 Pelé
77%
Spain 2010 MF 16 Sergio Busquets
77%
Argentina 2022 FW 9 Julián Álvarez
75%
France 2018 MF 13 N'Golo Kanté
75%
Italy 2006 MF 21 Andrea Pirlo
73%
Argentina 2022 MF 24 Enzo Fernández
73%
Argentina 2022 MF 7 Rodrigo De Paul
73%
Germany 2014 MF 7 Bastian Schweinsteiger
71%
France 2018 DF 5 Samuel Umtiti
71%
Italy 2006 FW 10 Francesco Totti
67%
Germany 2014 DF 5 Mats Hummels
67%
Brazil 2002 MF 6 Roberto Carlos
65%
Argentina 2022 DF 13 Cristian Romero
63%
France 1998 GK 16 Fabien Barthez
63%
Brazil 2002 MF 8 Gilberto Silva
63%
Germany 2014 DF 20 Jérôme Boateng
63%
Germany 2014 MF 8 Mesut Özil
63%
Brazil 1994 FW 11 Romário
63%
France 2018 MF 14 Blaise Matuidi
62%
Brazil 1994 MF 5 Mauro Silva
62%
Argentina 2022 DF 3 Nicolás Tagliafico
62%
Germany 2014 MF 18 Toni Kroos
62%
France 1998 MF 17 Emmanuel Petit
58%
West Germany 1974 DF 5 Franz Beckenbauer
58%
Uruguay 1930 MF Lorenzo Fernández
58%
Brazil 2002 DF 3 Lúcio
58%
France 1998 MF 7 Didier Deschamps
56%
France 1998 DF 8 Marcel Desailly
56%
Italy 1982 FW 20 Paolo Rossi
56%
Spain 2010 MF 18 Pedro
56%
Spain 2010 DF 11 Joan Capdevila
54%
Italy 2006 DF 23 Marco Materazzi
54%
Argentina 2022 DF 26 Nahuel Molina
54%
France 1998 DF 15 Lilian Thuram
52%
Brazil 1958 FW 11 Garrincha
50%
Brazil 1962 FW 7 Garrincha
50%
Italy 2006 MF 8 Gennaro Gattuso
50%
Italy 2006 DF 19 Gianluca Zambrotta
50%
Brazil 1994 FW 7 Bebeto
48%
West Germany 1990 MF 10 Lothar Matthäus
48%
Argentina 1978 MF 10 Mario Kempes
48%
Germany 2014 DF 4 Benedikt Höwedes
46%
Brazil 1994 GK 1 Cláudio Taffarel
44%
Italy 2006 FW 9 Luca Toni
44%
France 1998 DF 3 Bixente Lizarazu
42%
England 1966 MF 9 Bobby Charlton
42%
England 1966 DF 5 Jack Charlton
42%
Argentina 1978 DF 19 Daniel Passarella
40%
Brazil 1994 MF 8 Dunga
40%
Italy 2006 DF 3 Fabio Grosso
40%
West Germany 1990 FW 18 Jürgen Klinsmann
40%
England 1966 DF 6 Bobby Moore
38%
Italy 1982 GK 1 Dino Zoff
38%
Italy 2006 MF 16 Mauro Camoranesi
37%
Brazil 1970 DF 4 Carlos Alberto
35%
West Germany 1990 FW 9 Rudi Völler
35%
Brazil 1970 FW 7 Jairzinho
33%
Argentina 1986 FW 11 Jorge Valdano
33%
West Germany 1990 DF 3 Andreas Brehme
31%
Germany 2014 MF 23 Christoph Kramer
31%
Argentina 1986 MF 7 Jorge Burruchaga
31%
Italy 1934 MF Luis Monti
29%
Brazil 2002 GK 1 Marcos
29%
France 1998 MF 6 Youri Djorkaeff
29%
Argentina 2022 MF 20 Alexis Mac Allister
25%
Brazil 2002 DF 4 Roque Júnior
25%
Brazil 1958 FW 20 Vavá
25%
Brazil 1962 FW 19 Vavá
25%
Brazil 2002 DF 5 Edmílson
23%
Argentina 1986 GK 18 Nery Pumpido
23%
West Germany 1954 MF 8 Karl Mai
21%
Italy 2006 MF 20 Simone Perrotta
21%
Argentina 1978 GK 5 Ubaldo Fillol
21%
Brazil 1994 DF 6 Branco
19%
Brazil 1958 MF 6 Didi
19%
Brazil 1962 MF 8 Didi
19%
Italy 1934 FW Giuseppe Meazza
19%
Italy 1938 FW Giuseppe Meazza
19%
England 1966 GK 1 Gordon Banks
19%
Argentina 1986 DF 5 José Luis Brown
19%
Argentina 1978 FW 14 Leopoldo Luque
19%
France 1998 MF 19 Christian Karembeu
17%
Brazil 1970 FW 11 Rivellino
17%
West Germany 1974 GK 1 Sepp Maier
17%
France 1998 FW 9 Stéphane Guivarc'h
17%
Brazil 1970 FW 9 Tostão
17%
Brazil 1994 DF 13 Aldair
15%
West Germany 1990 GK 1 Bodo Illgner
15%
England 1966 FW 10 Geoff Hurst
15%
Brazil 1970 MF 8 Gérson
15%
Argentina 1986 DF 19 Oscar Ruggeri
15%
Argentina 1978 MF 2 Osvaldo Ardiles
15%
West Germany 1974 DF 3 Paul Breitner
15%
Uruguay 1950 FW 7 Alcides Ghiggia
13%
Argentina 1978 MF 6 Américo Gallego
13%
Argentina 1978 FW 4 Daniel Bertoni
13%
France 1998 DF 18 Frank Leboeuf
13%
Argentina 1986 DF 16 Julio Olarticoechea
13%
Brazil 1994 DF 15 Marcio Santos
13%
Brazil 1958 FW 7 Mário Zagallo
13%
Brazil 1962 FW 21 Mário Zagallo
13%
West Germany 1990 MF 7 Pierre Littbarski
13%
Argentina 1986 MF 12 Héctor Enrique
12%
West Germany 1954 FW 12 Helmut Rahn
12%
Brazil 2002 MF 15 Kléberson
12%
Italy 1982 MF 14 Marco Tardelli
12%
Uruguay 1950 MF 5 Obdulio Varela
12%
Argentina 1978 DF 20 Alberto Tarantini
10%
Brazil 1962 FW 20 Amarildo
10%
Argentina 1986 DF 9 José Luis Cuciuffo
10%
Uruguay 1950 FW 10 Juan Alberto Schiaffino
10%
Brazil 1994 MF 17 Mazinho
10%
Argentina 1986 DF 14 Ricardo Giusti
10%
Argentina 1986 MF 2 Sergio Batista
10%
West Germany 1990 MF 8 Thomas Häßler
10%
England 1966 MF 7 Alan Ball
8%
Brazil 1970 MF 5 Clodoaldo
8%
Brazil 1958 DF 4 Djalma Santos
8%
Brazil 1962 DF 2 Djalma Santos
8%
Italy 1982 DF 7 Gaetano Scirea
8%
Brazil 1958 GK 3 Gilmar
8%
Brazil 1962 GK 1 Gilmar
8%
Italy 1982 DF 3 Giuseppe Bergomi
8%
Brazil 1994 DF 2 Jorginho
8%
Uruguay 1950 DF 2 Matías González
8%
Argentina 1978 FW 16 Oscar Alberto Ortiz
8%
Uruguay 1950 GK 1 Roque Máspoli
8%
West Germany 1974 MF 14 Uli Hoeneß
8%
Brazil 1994 MF 9 Zinho
8%
Italy 1982 DF 4 Antonio Cabrini
6%
West Germany 1974 DF 2 Berti Vogts
6%
Italy 1982 FW 16 Bruno Conti
6%
West Germany 1954 FW 16 Fritz Walter
6%
Italy 1934 FW Giovanni Ferrari
6%
Italy 1938 FW Giovanni Ferrari
6%
West Germany 1990 DF 6 Guido Buchwald
6%
Argentina 1978 DF 15 Jorge Olguín
6%
Uruguay 1930 MF José Andrade
6%
West Germany 1990 DF 5 Klaus Augenthaler
6%
Argentina 1978 DF 7 Luis Galván
6%
England 1966 MF 16 Martin Peters
6%
Brazil 1958 DF 12 Nílton Santos
6%
Brazil 1962 DF 6 Nílton Santos
6%
West Germany 1954 FW 15 Ottmar Walter
6%
Uruguay 1930 FW Pedro Cea
6%
Italy 1938 FW Silvio Piola
6%
Uruguay 1950 MF 6 Víctor Rodríguez Andrade
6%
West Germany 1974 FW 17 Bernd Hölzenbein
4%
Brazil 1970 DF 2 Brito
4%
Italy 1982 DF 6 Claudio Gentile
4%
Brazil 1970 DF 16 Everaldo
4%
Brazil 1970 GK 1 Félix
4%
Italy 1982 MF 13 Gabriele Oriali
4%
West Germany 1974 DF 4 Hans-Georg Schwarzenbeck
4%
Uruguay 1930 FW Héctor Castro
4%
Uruguay 1950 FW 8 Julio Pérez
4%
West Germany 1990 DF 4 Jürgen Kohler
4%
West Germany 1954 FW 13 Max Morlock
4%
England 1966 MF 4 Nobby Stiles
4%
Brazil 1958 DF 15 Orlando
4%
Brazil 1970 DF 3 Piazza
4%
Italy 1934 FW Raimundo Orsi
4%
West Germany 1990 DF 14 Thomas Berthold
4%
West Germany 1954 GK 1 Toni Turek
4%
West Germany 1974 MF 12 Wolfgang Overath
4%
Brazil 1958 MF 19 Zito
4%
Brazil 1962 MF 4 Zito
4%
Brazil 1962 DF 5 Zózimo
4%
Uruguay 1930 GK Enrique Ballesteros
2%
Italy 1934 FW Enrique Guaita
2%
Italy 1982 FW 19 Francesco Graziani
2%
Italy 1982 DF 5 Fulvio Collovati
2%
England 1966 DF 2 George Cohen
2%
Italy 1938 FW Gino Colaussi
2%
West Germany 1954 FW 20 Hans Schäfer
2%
Uruguay 1930 FW Héctor Scarone
2%
West Germany 1954 DF 7 Josef Posipal
2%
Uruguay 1930 DF José Nasazzi
2%
Uruguay 1930 FW Pablo Dorado
2%
West Germany 1974 MF 16 Rainer Bonhof
2%
England 1966 DF 3 Ray Wilson
2%
England 1966 FW 21 Roger Hunt
2%
Uruguay 1930 FW Santos Iriarte
2%
Italy 1938 GK Aldo Olivieri
0%
Italy 1934 FW Angelo Schiavio
0%
Italy 1934 GK Gianpiero Combi
0%
Italy 1938 DF Pietro Rava
0%
No matching quizzes found
Score Distribution
Percent of People with Each Score
Percentile by Number Answered
Your Score History
You have not taken this quiz since the last reset